00706nam a2200253 a 4500001001300000003000900013005001700022008004100039020001000080082001900090100002100109245001900130260003600149300000900185500003500194650001600229650001900245650001800264700002100282902000800303942000700311952011900318999001500437nice12345678IN_TiNIC20260116011927.0070622s1997 hyda grp 000 0 urd  ac10000a891.4391bAHM4 aAhmed, Hasnuddin aSaaz-E-mashriq aHyderabad bVila Academy c1997 a195p aincludes index and biblioraphy aUrdu-Poetry aPersian Poetry aArabic-Poetry1 aAhmed, Hasnuddin bSRS cBK 001040708StackRoom-aHMIbHMId2007-06-22g100.00l0o891.4391 AHM4p09461r2007-06-22v100.00w2007-06-22yBK c4932d4932